000 00850nam0a22002651 4500
001 rc\611558
005 20250621182937.0
035 _a(NLR Aleph) 005855185
090 _a5820289
_c5820289
100 _a20031121d1986 |||y0rusy50 ca
101 0 _arus
102 _aRU
105 _aa |||||||||
200 1 _aКонцентрация, кооперация и гибкие организационные структуры
210 _aПрага
_cИУ
_d1986
215 _a45 с.
_cсхем.
_d23
225 1 _aСерия ИУ
_fИн-т упр.
_vЕ 71
300 _aВ вып. дан. авт.: д-р инж. Я. Смрчка, к. э. н.
320 _aБиблиогр.: с. 45
700 1 _aСмрчка
_bЯ.
_gЯрослав
801 0 _aRU
_bNLR
_gpsbo
801 1 _aRU
_bELAR
_2rusmarc
852 _aNLR
_j87-7/1027
942 _cBOOK
980 _aNB